| 000 | 00359nam a22001337a 4500 | ||
|---|---|---|---|
| 082 |
_a823 _bDAM/T |
||
| 100 | _aDAMI, ELIZABETTA | ||
| 245 | _aTHEA STILTON AND THE SECRET CITY | ||
| 246 |
_aTHEA STILTON AND THE SECRET CITY _bTHEA STILTON AND THE SECRET CITY |
||
| 260 |
_aNEW YORK _bSCHOLASTIC _c2023 |
||
| 300 | _a161 | ||
| 650 | _aENGLISH STORIES | ||
| 942 | _cBK | ||
| 999 |
_c8982 _d8982 |
||